L'ordre et la production : naissance et formes de la discipline d'usine

Αποθηκεύτηκε σε:
Λεπτομέρειες βιβλιογραφικής εγγραφής
Κύριος συγγραφέας: Gaudemar, Jean-Paul de
Άλλοι συγγραφείς: Attali, Jacques (Συγγραφέας εισαγωγής κ.λπ.)
Μορφή: Βιβλίο
Γλώσσα:French
Δημοσίευση: Paris : Dumod, 1982
Σειρά:L'oeil economique
Ετικέτες: Προσθήκη ετικέτας
Δεν υπάρχουν, Καταχωρήστε ετικέτα πρώτοι!

MARC

LEADER 00000nam a2200000 i 4500
001 1/62295
008 960604s1982 fre d
020 |a 2-04-015479-5 
035 |l 10029046 
040 |a GR-MY-UA  |b gre  |e aacr 
041 0 |a fre 
082 0 |a 331  
100 1 |a Gaudemar, Jean-Paul de. 
245 1 0 |a L'ordre et la production :  |b naissance et formes de la discipline d'usine /  |c Jean-Paul de Gaudemar ; Preface de:Jacques Attali 
260 |a Paris :   |b Dumod,   |c 1982 
300 |a 168 σ.  
490 1 |a L'oeil economique 
500 |a Περιλαμβάνει βιβλιογραφικές παραπομπές και ευρετήριο.  
700 1 |a Attali, Jacques.  |4 aui 
830 0 |a L'oeil economique 
852 |a INST  |b CHIOS  |e 19960604  |h 331 GAU  |p 005200003601  |q 005200003601  |t BK  |y 4  |x 20120515 
909 |a Χ  |b 037781